[Event "DSOL 06 Liga Gr-A 1st"]
[Site "Playchess.com INT"]
[Date "2020.08.11"]
[Round "2.3"]
[White "Kiefer, Markus"]
[Black "Wahner, Eberhard"]
[Result "1-0"]
[WhiteElo "1654"]
[BlackElo "1470"]
[PlyCount "81"]
[EventDate "2020.06.22"]
[EventType "team-tourn (rapid)"]
[EventCountry "GER"]
[SourceTitle "EXT 2021"]
[Source "ChessBase"]
[SourceDate "2020.10.23"]
[SourceVersion "1"]
[SourceVersionDate "2020.10.23"]
[SourceQuality "1"]
[WhiteTeam "Friedrichshagen"]
[BlackTeam "Berlin Eintracht"]
[WhiteTeamCountry "GER"]
[BlackTeamCountry "GER"]

1. e4 e6 2. d4 d5 3. Nc3 Bb4 4. exd5 exd5 5. Bd2 Nf6 6. Nf3 0-0 7. Be2 Bf5 8. 0-0 Nbd7 9. h3 c6 10. Nh4 Bg6 11. Nxg6 fxg6 12. a3 Bd6 13. Bg5 Qc7 14. Qd3 Rae8 15. Rae1 Ne4 16. Nxe4 dxe4 17. Qc4+ Kh8 18. Bg4 Nf6 19. Bd1 Nd5 20. c3 h6 21. Bc1 g5 22. Bc2 Nf6 23. Re2 Re7 24. Rfe1 Rfe8 25. Qa2 Bf4 26. Qb1 Bxc1 27. Qxc1 Qf4 28. Qb1 e3 29. fxe3 Rxe3 30. Rxe3 Rxe3 31. Rf1 Qg3 32. Qd1 Qd6 33. Qd2 Re8 34. Qd3 Ne4 35. Re1 Qf4 36. Rxe4 Rxe4 37. Qxe4 Qxe4 38. Bxe4 Kg8 39. Kf2 Kf7 40. d5 cxd5 41. Bxd5+ 1-0

[Event "Berlin Lichtenberger op 18th"]
[Site "Berlin"]
[Date "2019.08.25"]
[Round "9"]
[White "Mayer, Herbert"]
[Black "Wahner, Eberhard"]
[Result "1-0"]
[WhiteElo "1804"]
[BlackElo "1592"]
[PlyCount "101"]
[EventDate "2019.08.17"]
[EventType "swiss"]
[EventRounds "9"]
[EventCountry "GER"]
[SourceTitle "EXT 2020"]
[Source "ChessBase"]
[SourceDate "2019.10.17"]
[SourceVersion "1"]
[SourceVersionDate "2019.10.17"]
[SourceQuality "1"]

1. c4 Nf6 2. Nc3 e6 3. Nf3 c5 4. g3 Nc6 5. Bg2 d5 6. cxd5 exd5 7. d3 Be7 8. 0-0 0-0 9. a3 h6 10. e3 Bf5 11. d4 cxd4 12. exd4 a6 13. Be3 Rc8 14. Rc1 Re8 15. h3 Qd7 16. Kh2 b5 17. Ne5 Nxe5 18. dxe5 Ne4 19. Nxd5 Rxc1 20. Bxc1 Rd8 21. Bxe4 Bxe4 22. Nc3 Qf5 23. Qe1 Bd3 24. Rg1 Bc5 25. Rg2 Bc4 26. f4 Be6 27. g4 Qh7 28. f5 Bc4 29. Qh4 Re8 30. Bf4 Bf8 31. Rd2 g5 32. fxg6 fxg6 33. Ne4 Be7 34. Qxh6 Qxh6 35. Bxh6 Kf7 36. Nd6+ Bxd6 37. exd6 Re2+ 38. Kg3 Rxd2 39. Bxd2 Ke6 40. Bf4 a5 41. Kh4 Bf1 42. Kg3 a4 43. h4 Be2 44. g5 Bd1 45. Be5 Be2 46. Kf4 Kd7 47. Ke4 Kc6 48. Bf4 Bg4 49. Ke5 Kd7 50. Kf6 Bf5 51. h5 1-0

[Event "Berlin Lichtenberger op 18th"]
[Site "Berlin"]
[Date "2019.08.20"]
[Round "4"]
[White "Wahner, Eberhard"]
[Black "Lieder, Guenter"]
[Result "1-0"]
[WhiteElo "1592"]
[BlackElo "1815"]
[PlyCount "97"]
[EventDate "2019.08.17"]
[EventType "swiss"]
[EventRounds "9"]
[EventCountry "GER"]
[SourceTitle "EXT 2020"]
[Source "ChessBase"]
[SourceDate "2019.10.17"]
[SourceVersion "1"]
[SourceVersionDate "2019.10.17"]
[SourceQuality "1"]

1. c4 e5 2. Nc3 Nf6 3. Nf3 d6 4. g3 g6 5. Bg2 Bg7 6. 0-0 0-0 7. Re1 Nc6 8. d3 Bg4 9. Bg5 h6 10. Bd2 Qd7 11. Rc1 a6 12. a3 Rab8 13. b4 Bh3 14. Nd5 Ne8 15. e4 Bg4 16. Qb3 Bxf3 17. Bxf3 Nd4 18. Qd1 Kh7 19. Bg4 Qd8 20. f4 c6 21. Nc3 exf4 22. Bxf4 h5 23. Bh3 Be5 24. Rf1 Ng7 25. Ne2 Nge6 26. Bxe5 dxe5 27. Rf2 Qg5 28. Qf1 Kg7 29. Kh1 Rbd8 30. Rd1 Nc2 31. Ng1 Ne3 32. Nf3 Qe7 33. Qe2 Nxd1 34. Qxd1 Ng5 35. Nxg5 Qxg5 36. g4 hxg4 37. Bxg4 Rd6 38. Rg2 Qf4 39. Bf5 Rh8 40. Qe2 Qc1+ 41. Rg1 Kf8 42. Rxc1 gxf5 43. exf5 f6 44. Rg1 Rd4 45. Qg2 Rdh4 46. Qg7+ Ke8 47. Rg2 b5 48. Qxf6 e4 49. Qxc6+ 1-0

[Event "Berlin Lichtenberger op 17th"]
[Site "Berlin"]
[Date "2018.08.24"]
[Round "7"]
[White "Lange, Johannes Friedrich"]
[Black "Wahner, Eberhard"]
[Result "1-0"]
[WhiteElo "1447"]
[BlackElo "1605"]
[PlyCount "89"]
[EventDate "2018.08.18"]
[EventType "swiss"]
[EventRounds "9"]
[EventCountry "GER"]
[SourceTitle "CBM 186 Extra"]
[Source "ChessBase"]
[SourceDate "2018.08.24"]
[SourceVersion "1"]
[SourceVersionDate "2018.08.24"]
[SourceQuality "1"]

1. d4 Nf6 2. c4 e6 3. Nc3 Bb4 4. Qc2 d5 5. Bg5 h6 6. Bh4 Be7 7. Nf3 b6 8. cxd5 Nxd5 9. Nxd5 exd5 10. Bxe7 Qxe7 11. Rc1 0-0 12. Qxc7 Qb4+ 13. Qc3 Qd6 14. e3 Nd7 15. Bd3 Nf6 16. 0-0 Be6 17. a3 Rfc8 18. Qd2 Ne4 19. Qe2 Bg4 20. h3 Bxf3 21. Qxf3 Nd2 22. Qf5 Re8 23. Rfd1 Ne4 24. Rc2 Re6 25. Rdc1 Rae8 26. Rc7 Rf6 27. Qd7 Qxd7 28. Rxd7 Nxf2 29. Bb1 g6 30. Re1 a5 31. Rxd5 Ne4 32. Re5 Nd6 33. Rxe8+ Nxe8 34. e4 Nc7 35. e5 Rf4 36. Rd1 Kf8 37. d5 Rc4 38. d6 Ne6 39. Ba2 Rc8 40. Bxe6 fxe6 41. Rf1+ Kg7 42. Rf6 Re8 43. Rxe6 Kf7 44. Rxe8 Kxe8 45. e6 1-0

[Event "Berlin Lichtenberger op 17th"]
[Site "Berlin"]
[Date "2018.08.19"]
[Round "2"]
[White "Dittrich, Hans Juergen"]
[Black "Wahner, Eberhard"]
[Result "0-1"]
[WhiteElo "1307"]
[BlackElo "1605"]
[PlyCount "86"]
[EventDate "2018.08.18"]
[EventType "swiss"]
[EventRounds "9"]
[EventCountry "GER"]
[SourceTitle "CBM 186 Extra"]
[Source "ChessBase"]
[SourceDate "2018.08.24"]
[SourceVersion "1"]
[SourceVersionDate "2018.08.24"]
[SourceQuality "1"]

1. d4 Nf6 2. Bf4 e6 3. c3 d5 4. Nf3 c5 5. e3 Nc6 6. c4 cxd4 7. Nxd4 Bd7 8. Nxc6 Bxc6 9. Nd2 Bb4 10. a3 Be7 11. b4 dxc4 12. Nxc4 Bd5 13. Be2 Rc8 14. Rc1 0-0 15. 0-0 h6 16. Qa4 a6 17. Qd1 b5 18. Ne5 Qb6 19. Ng4 Rfd8 20. Rxc8 Rxc8 21. Be5 Nxg4 22. Bxg4 Bg5 23. Bd4 Qb7 24. Bf3 Rd8 25. Bxd5 Rxd5 26. Qg4 f5 27. Qh5 Qe7 28. Rc1 f4 29. Rc8+ Kh7 30. h4 Bxh4 31. Bc5 Rxh5 32. Bxe7 Bxe7 33. exf4 e5 34. fxe5 Rxe5 35. Rc6 Bg5 36. Kh2 Bf4+ 37. g3 Bd2 38. Kh3 Rf5 39. Rxa6 Rxf2 40. Rb6 Rf5 41. Kg4 Rd5 42. Kf3 Bc1 43. Ra6 Rd3+ 0-1

[Event "Berlin Lichtenberger op 17th"]
[Site "Berlin"]
[Date "2018.08.18"]
[Round "1"]
[White "Wahner, Eberhard"]
[Black "Kroencke, Manfred"]
[Result "0-1"]
[WhiteElo "1605"]
[BlackElo "2027"]
[PlyCount "96"]
[EventDate "2018.08.18"]
[EventType "swiss"]
[EventRounds "9"]
[EventCountry "GER"]
[SourceTitle "CBM 186 Extra"]
[Source "ChessBase"]
[SourceDate "2018.08.24"]
[SourceVersion "1"]
[SourceVersionDate "2018.08.24"]
[SourceQuality "1"]

1. c4 e6 2. Nc3 d5 3. cxd5 exd5 4. d4 Nf6 5. g3 c6 6. Nf3 Be7 7. Bg2 0-0 8. 0-0 h6 9. Re1 Bf5 10. a3 Nbd7 11. b4 Ne4 12. Nxe4 dxe4 13. Nd2 Nf6 14. Bb2 a5 15. bxa5 Qxa5 16. Nc4 Qb5 17. Ne3 Be6 18. Rb1 Ba2 19. Qc2 Bxb1 20. Rxb1 Qa4 21. Bxe4 Qxc2 22. Bxc2 Bxa3 23. Bxa3 Rxa3 24. Rxb7 Ra2 25. Bd3 g6 26. Rb6 Rc8 27. Nc4 Nd5 28. Rb7 Raa8 29. e4 Rc7 30. Rb3 Ne7 31. Nd6 Kg7 32. Bc4 Rd8 33. e5 Nf5 34. Nxf5+ gxf5 35. Rd3 Rcd7 36. e6 Rxd4 37. Rxd4 Rxd4 38. e7 Re4 39. Bd3 Re1+ 40. Kg2 Kf6 41. Kf3 Rxe7 42. Kf4 Re5 43. h3 c5 44. f3 Rd5 45. Bc2 c4 46. h4 c3 47. g4 fxg4 48. fxg4 Rd2 0-1

[Event "Berlin Lichtenberger op 15th"]
[Site "Berlin"]
[Date "2016.08.16"]
[Round "4"]
[White "Krueger, Ekkehard"]
[Black "Wahner, Eberhard"]
[Result "1/2-1/2"]
[WhiteElo "1818"]
[BlackElo "1511"]
[PlyCount "106"]
[EventDate "2016.08.13"]
[EventType "swiss"]
[EventRounds "9"]
[EventCountry "GER"]
[SourceTitle "CBM 173 Extra"]
[Source "ChessBase"]
[SourceDate "2016.08.29"]
[SourceVersion "1"]
[SourceVersionDate "2016.08.29"]
[SourceQuality "1"]

1. e4 e6 2. d4 d5 3. Nc3 Bb4 4. e5 Ne7 5. a3 Bxc3+ 6. bxc3 c5 7. f4 Nbc6 8. Nf3 0-0 9. Be2 Bd7 10. Rb1 b6 11. 0-0 f6 12. exf6 Rxf6 13. c4 Rc8 14. dxc5 bxc5 15. g3 d4 16. Bd2 Ng6 17. Bd3 Qc7 18. Ng5 h6 19. Ne4 Rff8 20. Nxc5 Nce7 21. Nxd7 Qxd7 22. Bb4 Rfe8 23. Qh5 Nf8 24. g4 Nc6 25. Rbe1 Nxb4 26. axb4 Qe7 27. b5 Rc5 28. Qh3 Qd8 29. Qf3 Qh4 30. Ra1 Rc7 31. c5 Nd7 32. c6 Nb6 33. h3 Rf8 34. Rae1 Re7 35. Kh2 e5 36. f5 Qg5 37. Qe4 Qd2+ 38. Kg3 Qg5 39. Rc1 Qf6 40. c3 Rfe8 41. c4 Rd8 42. Ra1 Kh8 43. h4 Rc7 44. Ra6 Re7 45. Rfa1 Nc8 46. c5 Rc7 47. Bc4 Qe7 48. b6 axb6 49. cxb6 Nxb6 50. Rxb6 Qc5 51. Rab1 Qxc4 52. Rb8 Rdc8 53. Qxe5 Qc3+ 1/2-1/2

[Event "Berlin-ch Seniors op 32nd"]
[Site "Berlin"]
[Date "2016.02.02"]
[Round "7"]
[White "Wahner, Eberhard"]
[Black "Timm, Christian"]
[Result "1-0"]
[WhiteElo "1394"]
[BlackElo "1671"]
[PlyCount "87"]
[EventDate "2016.01.26"]
[EventType "swiss"]
[EventRounds "9"]
[EventCountry "GER"]
[SourceTitle "EXT 2019"]
[Source "ChessBase"]
[SourceDate "2018.10.10"]
[SourceVersion "1"]
[SourceVersionDate "2018.10.10"]
[SourceQuality "1"]

1. c4 e6 2. Nc3 Be7 3. e4 d6 4. d4 b6 5. g3 Bb7 6. Bg2 Nf6 7. Qc2 Nbd7 8. Nf3 0-0 9. 0-0 c5 10. d5 exd5 11. exd5 a6 12. Bf4 Re8 13. Rfe1 Nh5 14. Bd2 g6 15. b3 Bf6 16. Rxe8+ Qxe8 17. Re1 Qf8 18. Ne4 Ng7 19. Bh3 Nf5 20. Bxf5 gxf5 21. Nxf6+ Nxf6 22. Qxf5 Ne8 23. Ng5 Qg7 24. Bc3 Qg6 25. Qf4 h6 26. Nf3 Kf8 27. Qh4 f6 28. Bd2 h5 29. Qf4 Bc8 30. Nh4 Qh7 31. Bc3 f5 32. Qg5 Ra7 33. Ng6+ Kf7 34. Re7+ Rxe7 35. Qxe7+ Kxg6 36. Qxe8+ Kg5 37. Qxc8 h4 38. Qe6 hxg3 39. fxg3 Kg4 40. Qxd6 Kh3 41. Qf4 Qh5 42. Qh4+ Qxh4 43. gxh4 Kxh4 44. d6 1-0

[Event "Berlin-ch Seniors op 32nd"]
[Site "Berlin"]
[Date "2016.01.26"]
[Round "1"]
[White "Wahner, Eberhard"]
[Black "Gruner, Klaus Dieter"]
[Result "0-1"]
[WhiteElo "1394"]
[BlackElo "1805"]
[PlyCount "94"]
[EventDate "2016.01.26"]
[EventType "swiss"]
[EventRounds "9"]
[EventCountry "GER"]
[SourceTitle "EXT 2019"]
[Source "ChessBase"]
[SourceDate "2018.10.10"]
[SourceVersion "1"]
[SourceVersionDate "2018.10.10"]
[SourceQuality "1"]

1. c4 c5 2. Nc3 Nc6 3. g3 g6 4. Bg2 Bg7 5. Nf3 Nf6 6. e4 d6 7. d3 0-0 8. 0-0 Bd7 9. Rb1 a6 10. a3 Rb8 11. b4 b5 12. cxb5 axb5 13. bxc5 dxc5 14. Nxb5 Na7 15. Nc3 Qa5 16. Bd2 Qa6 17. Qc2 Nb5 18. Ra1 Nd4 19. Nxd4 cxd4 20. Ne2 Rfc8 21. Qd1 Qxd3 22. Bb4 Qxd1 23. Raxd1 e5 24. Rfe1 Rc2 25. Nc1 Bg4 26. f3 Be6 27. Nd3 Nd7 28. Rc1 Rbc8 29. Rxc2 Rxc2 30. Rc1 Bb3 31. Rxc2 Bxc2 32. Bf1 Bh6 33. Ne1 Ba4 34. Nd3 f5 35. Kf2 Kf7 36. Ke1 fxe4 37. fxe4 Bc2 38. g4 Be3 39. h3 g5 40. Bd2 Bf4 41. Bxf4 gxf4 42. Kd2 Ba4 43. Be2 Kf6 44. Nb2 Bc6 45. Kd3 Nc5+ 46. Kc4 Nxe4 47. a4 Nc3 0-1

[Event "Berlin Lichtenberger op 14th"]
[Site "Berlin"]
[Date "2015.08.23"]
[Round "9"]
[White "Hamm, Oliver"]
[Black "Wahner, Eberhard"]
[Result "1/2-1/2"]
[WhiteElo "1413"]
[BlackElo "1350"]
[PlyCount "49"]
[EventDate "2015.08.15"]
[EventType "swiss"]
[EventRounds "9"]
[EventCountry "GER"]
[SourceTitle "EXT 2016"]
[Source "ChessBase"]
[SourceDate "2015.10.08"]
[SourceVersion "1"]
[SourceVersionDate "2015.10.08"]
[SourceQuality "1"]

1. d4 Nf6 2. Nf3 e6 3. e3 c5 4. b3 b6 5. Bb2 Bb7 6. Bd3 d6 7. Nbd2 Nbd7 8. 0-0 Be7 9. c4 0-0 10. Qc2 Rc8 11. Ng5 g6 12. Ngf3 Re8 13. Rfe1 Bf8 14. Rad1 Bg7 15. Ng5 d5 16. f4 cxd4 17. exd4 Nb8 18. Ngf3 Nc6 19. Ne5 Nb4 20. Qb1 Nxd3 21. Qxd3 Nd7 22. Rc1 Nxe5 23. dxe5 dxc4 24. Qxd8 Rexd8 25. Nxc4 1/2-1/2

[Event "Berlin Lichtenberger op 14th"]
[Site "Berlin"]
[Date "2015.08.20"]
[Round "6"]
[White "Wahner, Eberhard"]
[Black "Schroeder, Wolfgang"]
[Result "0-1"]
[WhiteElo "1350"]
[BlackElo "1722"]
[PlyCount "74"]
[EventDate "2015.08.15"]
[EventType "swiss"]
[EventRounds "9"]
[EventCountry "GER"]
[SourceTitle "EXT 2016"]
[Source "ChessBase"]
[SourceDate "2015.10.08"]
[SourceVersion "1"]
[SourceVersionDate "2015.10.08"]
[SourceQuality "1"]

1. c4 Nf6 2. Nc3 e6 3. g3 d5 4. cxd5 exd5 5. Bg2 c6 6. e3 Bd6 7. d4 0-0 8. Nge2 Bf5 9. 0-0 Re8 10. a3 Nbd7 11. Re1 Qc7 12. Bd2 Re7 13. Rc1 a6 14. Nxd5 Nxd5 15. Bxd5 Qb6 16. Bb3 Bg4 17. Qc2 Nf6 18. Bc4 Rae8 19. Bd3 h5 20. b4 Qc7 21. Bf5 Bxf5 22. Qxf5 h4 23. Kg2 Ne4 24. Rcd1 Re6 25. Qg4 hxg3 26. hxg3 Rg6 27. Qh4 Rh6 28. Qg4 Ree6 29. Nf4 Ref6 30. Rf1 Qe7 31. Bc1 Nc3 32. Rde1 Qe4+ 33. f3 Qc2+ 34. Rf2 Rh2+ 35. Kxh2 Qxf2+ 36. Ng2 Rh6+ 37. Qh3 Bxg3+ 0-1